Breve esquema de los sistemas de filosofía moderna y de mi propio sistema / (Record no. 5991)

MARC details
000 -CABECERA
campo de control de longitud fija 00695nam a2200193 a 4500
005 - FECHA Y HORA DE LA ÚLTIMA TRANSACCIÓN
campo de control 20210223120719.0
008 - ELEMENTOS DE LONGITUD FIJA--INFORMACIÓN GENERAL
campo de control de longitud fija 991125s1974 bue 000 0 spa u
035 ## - NÚMERO DE CONTROL DEL SISTEMA
Número de control de sistema UPN01000005991
049 ## - COLECCIÓN
Colección CG
050 #4 - SIGNATURA TOPOGRÁFICA DE LA BIBLIOTECA DEL CONGRESO
Número de clasificación B3639 A5
Número de documento/Ítem B5.28 1974
100 1# - ASIENTO PRINCIPAL--NOMBRE PERSONAL
Nombre de persona Rosmini Serbati, Antonio,
Fechas asociadas al nombre 1797-1855
245 10 - MENCIÓN DE TÍTULO
Título Breve esquema de los sistemas de filosofía moderna y de mi propio sistema /
Mención de responsabilidad, etc. Antonio Rosmini Serbati ; tr. del italiano y pról. de Luis Rodríguez Aranda.
260 ## - PUBLICACIÓN, DISTRIBUCIÓN, ETC.
Lugar de publicación, distribución, etc. Buenos Aires :
Nombre del editor, distribuidor, etc. Aguilar,
Fecha de publicación, distribución, etc. 1974.
300 ## - DESCRIPCIÓN FÍSICA
Extensión 91 p.
440 #0 - MENCIÓN DE SERIE/ASIENTO SECUNDARIO--TÍTULO
Título Biblioteca de iniciación filosófica ;
Designación de volumen o secuencia 15
600 14 - ASIENTO SECUNDARIO DE MATERIA - NOMBRE PERSONAL
Nombre de persona ROSMINI SERBATI, ANTONIO,
Fechas asociadas al nombre 1797-1855
650 #4 - ASIENTO SECUNDARIO DE MATERIA - TERMINO TEMATICO
Término de materia o nombre geográfico como elemento de entrada FILOSOFIA ITALIANA
9 (RLIN) 17739
905 ## - TIPO DE MATERIAL
Tipo de material Libro
Holdings
Estado de retiro Estado de pérdida Fuente del sistema de clasificación o colocación Estado dañado No para préstamo Código de colección Localización permanente Ubicación/localización actual Ubicación en estantería Enumeración/cronología de publicación seriada Total de préstamos Clasificación Código de barras Fecha visto por última vez Número de copia Tipo de ítem Koha
    Library of Congress Classification     Colección General Bib. Gregorio Torres Quintero Bib. Gregorio Torres Quintero Planta baja -   B3639 A5 B5.28 1974 27285 31/12/2020 1 Libro
    Library of Congress Classification     Colección General Bib. Gregorio Torres Quintero Bib. Gregorio Torres Quintero Planta baja -   B3639 A5 B5.28 1974 27286 31/12/2020 1 Libro